The gay genius : (Record no. 13221)
[ view plain ]
| 000 -LEADER | |
|---|---|
| fixed length control field | 00987cam a22003011i 4500 |
| 001 - CONTROL NUMBER | |
| control field | 9770109 |
| 003 - CONTROL NUMBER IDENTIFIER | |
| control field | EG-ScBUE |
| 005 - DATE AND TIME OF LATEST TRANSACTION | |
| control field | 20240325102246.0 |
| 008 - FIXED-LENGTH DATA ELEMENTS--GENERAL INFORMATION | |
| fixed length control field | 760618t1947 nyuab f b 001 0beng d |
| 035 ## - SYSTEM CONTROL NUMBER | |
| System control number | (OCoLC)2236980 |
| 040 ## - CATALOGING SOURCE | |
| Original cataloging agency | DLC |
| Language of cataloging | eng |
| Description conventions | rda |
| Transcribing agency | TxCM |
| Modifying agency | OCoLC |
| -- | DLC |
| -- | EG-ScBUE |
| 041 0# - LANGUAGE CODE | |
| Language code of text/sound track or separate title | eng |
| -- | chi |
| 082 04 - DEWEY DECIMAL CLASSIFICATION NUMBER | |
| Classification number | 928.951 |
| Edition number | 22 |
| Item number | YUT |
| 100 1# - MAIN ENTRY--PERSONAL NAME | |
| Personal name | Lin, Yutang, |
| Dates associated with a name | 1895-1976, |
| Relator term | author. |
| 9 (RLIN) | 10716 |
| 245 14 - TITLE STATEMENT | |
| Title | The gay genius : |
| Remainder of title | the life and times of Su Tungpo / |
| Statement of responsibility, etc | by Lin Yutang. |
| 264 #1 - PUBLICATION, DISTRIBUTION, ETC. (IMPRINT) | |
| Place of publication, distribution, etc | New York : |
| Name of publisher, distributor, etc | The John Day Company, |
| Date of publication, distribution, etc | [1947] |
| 264 #4 - PUBLICATION, DISTRIBUTION, ETC. (IMPRINT) | |
| Date of publication, distribution, etc | c1947 |
| 300 ## - PHYSICAL DESCRIPTION | |
| Extent | xii, 370 pages : |
| Other physical details | illustrations, maps ; |
| Dimensions | 23 cm |
| 336 ## - CONTENT TYPE | |
| Source | rdacontent |
| Content type term | text |
| Content type code | txt |
| 337 ## - MEDIA TYPE | |
| Media type term | unmediated |
| Source | rdamedia |
| Media type code | n |
| 338 ## - CARRIER TYPE | |
| Carrier type term | volume |
| Carrier type code | nc |
| Source | rdacarrier |
| 504 ## - BIBLIOGRAPHY, ETC. NOTE | |
| Bibliography, etc | Includes bibliographical references and index.<br/> |
| 546 ## - LANGUAGE NOTE | |
| Language note | Text in English and Chinese. |
| 600 17 - SUBJECT ADDED ENTRY--PERSONAL NAME | |
| Personal name | Su, Shi, |
| Dates associated with a name | 1037-1101. |
| Source of heading or term | BUEsh |
| 9 (RLIN) | 10717 |
| 655 ## - INDEX TERM--GENRE/FORM | |
| Form subdivision | Reading book |
| 942 ## - ADDED ENTRY ELEMENTS (KOHA) | |
| Source of classification or shelving scheme | Dewey Decimal Classification |
| Koha item type | Book - Borrowing |
| Withdrawn status | Lost status | Source of classification or shelving scheme | Damaged status | Not for loan | Collection code | Home library | Current library | Shelving location | Date acquired | Source of acquisition | Total Checkouts | Full call number | Barcode | Date last seen | Price effective from | Koha item type | Public note |
|---|---|---|---|---|---|---|---|---|---|---|---|---|---|---|---|---|---|
| Dewey Decimal Classification | Donation-Gift | Central Library | Central Library | Second Floor | 31/01/2010 | Donation | 928.951 YUT | 000019604 | 15/07/2025 | 31/01/2010 | Book - Borrowing | Donated By: Alaa abdel ghaney. |